Statistics for 20 Hottest Major Cities in Europe

Click here to take the quiz!

General Stats

  • This quiz has been taken 169 times
    (122 since last reset)
  • The average score is 15 of 20

Answer Stats

CountryTemperatureCity% Correct
Greece18.8 C (66 F)Athens
97%
Italy17.0 C (63 F)Naples
97%
Spain16.4 C (62 F)Barcelona
94%
Portugal17.3 C (63 F)Lisbon
94%
Italy18.8 C (66 F)Palermo
92%
Spain19.4 C (67 F)Seville
91%
Spain18.6 C (65 F)Málaga
87%
Albania15.9 C (61 F)Tirana
85%
Spain18.1 C (65 F)Valencia
84%
Greece15.8 C (60 F)Thessaloniki
82%
France16.0 C (61 F)Nice
80%
Italy16.2 C (61 F)Bari
75%
Croatia17.3 C (63 F)Split
72%
Italy17.8 C (64 F)Catania
68%
Spain16.9 C (62 F)Palma de Mallorca
68%
Spain18.8 C (66 F)Murcia
61%
Spain18.5 C (65 F)Córdoba
60%
Spain18.9 C (66 F)Alicante
53%
Spain21.3 C (70 F)Las Palmas
45%
Italy16.6 C (62 F)Genoa
34%

Score Distribution

Percentile by Number Answered

Percent of People with Each Score

Your Score History

You have not taken this quiz since the last reset